ELEMENTS OF PSYCHOLOGY AND MENTAL HYGIENE FOR NURSES IN INDIA (Record no. 20161)

MARC details
000 -LEADER
fixed length control field 00401nam a22001577a 4500
003 - CONTROL NUMBER IDENTIFIER
control field SGT
020 ## - INTERNATIONAL STANDARD BOOK NUMBER
International Standard Book Number 978-81-7371-636-2
082 ## - DEWEY DECIMAL CLASSIFICATION NUMBER
Classification number 610.7368
Item number E12B
100 ## - MAIN ENTRY--PERSONAL NAME
Personal name BHATIA, B,D,
245 ## - TITLE STATEMENT
Title ELEMENTS OF PSYCHOLOGY AND MENTAL HYGIENE FOR NURSES IN INDIA
250 ## - EDITION STATEMENT
Edition statement 2ND
260 ## - PUBLICATION, DISTRIBUTION, ETC. (IMPRINT)
Place of publication, distribution, etc INDIA
Name of publisher, distributor, etc UNIVERSITY PRESS PUB
Year of Publication 2012
300 ## - PAGE DESCRIPTION
No. of Pages 360
650 ## - SUBJECT ADDED ENTRY--TOPICAL TERM
Topical term or geographic name as entry element MENTAL HEALTH NURSING
942 ## - ADDED ENTRY ELEMENTS (KOHA)
Source of classification or shelving scheme Dewey Decimal Classification
Koha item type Books
Holdings
Withdrawn status Lost status Source of classification or shelving scheme Damaged status Not for loan Collection code Home library Current library Shelving location Date acquired Vendor Name SGTU Total Checkouts Full call number Accession No. (Barcode) Date last seen Bill Date Koha item type
    Dewey Decimal Classification   Not For Loan NURSING SGT Medical Library SGT Medical Library Text Book 04/06/2020 COMP SGTU   610.7368 E12B FN4099 04/06/2020 04/06/2020 Books
    Dewey Decimal Classification   Not For Loan NURSING SGT Medical Library SGT Medical Library Text Book 04/06/2020 COMP SGTU   610.7368 E12B FN4100 04/06/2020 04/06/2020 Books